Language Quiz

Random Language or City Quiz

Words Missing World Cities Quiz Stats

 Plays Quiz Updated Dec 4, 2016

Support Sporcle.
Go Orange.
Score 0/24 Timer 06:00
0 Plays Today
% Correct
AGRA
80.6%
TUNIS
78.5%
MOBILE
77.6%
PERTH
77.3%
DILI
77.1%
UFA
76.6%
FES
76%
AUSTIN
74.9%
LEON
73.2%
TURIN
69.1%
RIGA
68.5%
LIMA
68.3%
% Correct
PERM
67.4%
ROME
66.8%
XIAN
66.7%
LOME
66.2%
SPLIT
66.1%
ADEN
65%
ESSEN
64%
PARIS
63.9%
OSH
61.9%
BERLIN
61.2%
NICE
60.6%
RENO
60.5%

You're not logged in!

Compare scores with friends on all Sporcle quizzes.
OR
Log In

From the Vault

Before and After: Literature and Film

by thunderdan

This quiz made us wonder what it would be like if Matthew McConaughey starred in a remake of To Kill a Mockingbird. He would have his shirt off at some point, that's for sure.
Remove Ads.
Support Sporcle.
Get the best of Sporcle when you Go Orange. This ad-free experience offers more features, more stats, and more fun while also helping to support Sporcle. Thank you for becoming a member.

Show Comments

Extras

Top Quizzes Today


Score Distribution

Your Account Isn't Verified!

In order to create a playlist on Sporcle, you need to verify the email address you used during registration. Go to your Sporcle Settings to finish the process.

Report this User

Report this user for behavior that violates our Community Guidelines.

Details: